Rides in Disneyland Quiz Stats

 Plays Quiz Updated Jun 4, 2019

Score 0/33 Timer 07:00
1 Play Today
Land Ride % Correct
TomorrowlandSpace Mountain
89.3%
Critter CountrySplash Mountain
77.4%
New Orleans SquarePirates of the Caribbean
72.8%
Fantasyland'it's a small world'
69.8%
FantasylandPeter Pan's Flight
69.1%
FantasylandDumbo the Flying Elephant
68.6%
FantasylandMad Tea Party
66.2%
New Orleans SquareHaunted Mansion
66%
FrontierlandBig Thunder Mountain Railroad
64.4%
FantasylandSnow White's Scary Adventures
58.7%
AdventurelandIndiana Jones Adventure
57.5%
FantasylandMatterhorn Bobsleds
57.2%
TomorrowlandBuzz Lightyear Astro Blasters
55.5%
Tomorrowland/Downtown DisneyDisneyland Monorail
54.9%
FantasylandMr. Toad's Wild Ride
53.8%
AdventurelandJungle Cruise
52.4%
FantasylandAlice in Wonderland
49.1%
Land Ride % Correct
Whole ParkDisneyland Railroad
44.7%
TomorrowlandFinding Nemo Submarine Voyage
44.5%
TomorrowlandAutopia
44%
TomorrowlandStar Tours - The Adventures Continue
43.7%
Critter CountryThe Many Adventures of Winnie the Pooh
43.1%
FantasylandKing Arthur Carrousel
39.6%
Mickey's ToontownRoger Rabbit's Car Toon Spin
38.8%
FantasylandPinocchio's Daring Journey
34.8%
Star Wars: Galaxy's EdgeMillennium Falcon: Smugglers Run
34.5%
TomorrowlandAstro Orbitor
26.3%
FantasylandStorybook Land Canal Boats
25.9%
FrontierlandMark Twain Riverboat
24.1%
Mickey's ToontownGadget's Go Coaster
20.8%
FantasylandCasey Jr. Circus Train
20.2%
FrontierlandSailing Ship Columbia
17.4%
Critter CountryDavy Crockett's Explorer Canoes
10.6%

You're not logged in!

Compare scores with friends on all Sporcle quizzes.
OR
Log In

Sporcle TV

Today on Sporcle TV


Watch our educational content, quiz creation guides, and fun videos on Sporcle TV.

Show Comments

Extras

Top Quizzes Today


Score Distribution

Your Account Isn't Verified!

In order to create a playlist on Sporcle, you need to verify the email address you used during registration. Go to your Sporcle Settings to finish the process.

Report this User

Report this user for behavior that violates our Community Guidelines.

Details: